All Time NBA Lineups - Statistics

General Stats
  • This quiz has been taken 135 times
  • The average score is 112 of 150
Answer Stats
% Correct
SF LeBron James
97%
C Kareem Abdul-Jabbar
96%
SG Michael Jordan
96%
PF | SF Kevin Durant
95%
PG Magic Johnson
95%
PG James Harden
94%
SF Larry Bird
94%
C | PF Shaquille O'Neal
93%
PG Stephen Curry
93%
C Wilt Chamberlain
93%
PG Damian Lillard
92%
PF Dirk Nowitzki
92%
C Hakeem Olajuwon
92%
SG Jerry West
92%
PG | SG Kyrie Irving
92%
C Nikola Jokic
92%
PG Russell Westbrook
92%
PG Steve Nash
92%
PG Chris Paul
91%
SG Dwyane Wade
91%
PF | SF Kawhi Leonard
91%
C Bill Russell
90%
PG Isiah Thomas
90%
PG John Stockton
90%
SF Julius Erving
90%
SF Kobe Bryant
90%
PF Marc Gasol
90%
PF Moses Malone
90%
C Paul Gasol
90%
SF Scottie Pippen
90%
PF Tim Duncan
90%
PG Allen Iverson
89%
C Anthony Davis
89%
SG Baron Davis
89%
C | PF Chris Bosh
89%
PG | SG Jason Kidd
89%
PF Karl Malone
89%
PG Tony Parker
89%
PG Trae Young
89%
PG Derrick Rose
88%
PF Giannis Antetokounmpo
88%
PF Larry Johnson
88%
PF Kevin Garnett
87%
SG Reggie Miller
87%
C David Robinson
86%
C Patrick Ewing
86%
SF Clyde Drexler
85%
PF Dennis Rodman
85%
SF Dominique Wilkins
85%
SG Gary Payton
85%
SF | SG Paul George
85%
PG Penny Hardaway
85%
PG Tim Hardaway
85%
SG Tracy McGrady
85%
SG David Thompson
84%
SG Vince Carter
84%
PF Blake Griffin
83%
PG Bob Cousy
83%
SF Charles Barkley
83%
PG Kyle Lowry
83%
SF Ray Allen
83%
PF | SF Carmelo Anthony
82%
PG | SG Oscar Robertson
82%
PF Dwight Howard
80%
SG John Havlicek
80%
SG Ja Morant
79%
PG Kemba Walker
79%
PF Kevin McHale
79%
C Brook Lopez
78%
PF Ben Wallace
77%
SF Kevin Love
77%
C Jermaine O'Neal
76%
C Karl-Anthony Towns
76%
C Alonzo Mourning
75%
PF Bob Pettit
75%
C Dikembe Mutombo
75%
SF DeMar DeRozan
74%
PF Shawn Kemp
74%
SG Devin Booker
73%
SF Alex English
72%
C Bill Walton
72%
C Artis Gilmore
71%
C Bob McAdoo
71%
SG Joe Dumars
71%
PG Mike Conley
71%
SG George Gervin
69%
PG Walt Frazier
69%
SG Anthony Edwards
68%
SF Bradley Beal
68%
PG Mark Price
68%
PF Zion Williamson
68%
C DeMarcus Cousins
67%
PF Wes Unseld
66%
SG Chris Mullin
65%
PF Chris Webber
65%
C Elvin Hayes
65%
SF Rick Barry
65%
PF Lamarcus Aldridge
64%
PF Willis Reed
59%
SF Zach Randolph
58%
C Zydrunas Ilgauskas
57%
PG Gilbert Arenas
56%
SF Grant Hill
55%
PG Tyrese Haliburton
53%
PF Shawn Marion
51%
C Tyson Chandler
50%
SG Sidney Moncrief
48%
SG Eddie Jones
47%
C Mark Eaton
45%
C Bob Lanier
44%
SF Glen Rice
44%
SG Brandon Roy
43%
SG Pete Maravich
43%
SF Paolo Banchero
39%
SF Adrian Dantley
38%
PG Fat Lever
38%
SG Hal Greer
38%
SF Mark Aguirre
38%
SG Earl Monroe
37%
C Jack Sikma
37%
PF Brad Daugherty
36%
SF Mitch Richmond
33%
PG Nate Archibald
33%
PG Ricky Rubio
30%
C Amar'e Stoudamire
22%
SG Derek Harper
21%
SF Jamal Mashburn
16%
PF Mel Daniels
14%
SG Richie Guerin
13%
SG Cliff Hagan
9%
No matching quizzes found
Score Distribution
Percent of People with Each Score
Percentile by Number Answered
Your Score History
You have not taken this quiz